ECON micro : principles of microeconomics (Record no. 86679)

MARC details
000 -LEADER
fixed length control field 00742nam a22002297a 4500
003 - CONTROL NUMBER IDENTIFIER
control field CBULib
005 - DATE AND TIME OF LATEST TRANSACTION
control field 20260316142324.0
008 - FIXED-LENGTH DATA ELEMENTS--GENERAL INFORMATION
fixed length control field 260316b |||||||| |||| 00| 0 eng d
020 ## - INTERNATIONAL STANDARD BOOK NUMBER
International Standard Book Number 9781285423548
040 ## - CATALOGING SOURCE
Original cataloging agency CBULib
Language of cataloging English
Transcribing agency CBULib
Description conventions rda
050 ## - LIBRARY OF CONGRESS CALL NUMBER
Classification number HB 172 Col
100 ## - MAIN ENTRY--PERSONAL NAME
9 (RLIN) 5405
Personal name McEachern, William A.
Relator term author
245 ## - TITLE STATEMENT
Title ECON micro : principles of microeconomics
Statement of responsibility, etc / by William A. McEachern
250 ## - EDITION STATEMENT
Edition statement Fourth edition
260 ## - PUBLICATION, DISTRIBUTION, ETC. (IMPRINT)
Place of publication, distribution, etc Stamford, C.T. :
Name of publisher, distributor, etc Cengage Learning,
Date of publication, distribution, etc 2015
300 ## - PHYSICAL DESCRIPTION
Extent xv, 381 pages, 53 unnumbered pages : colour illustrations
336 ## - CONTENT TYPE
Source rdacontent
Content type term Text |
Content type code txt
337 ## - MEDIA TYPE
Source rdamedia
Media type term Unmediated |
Media type code n
338 ## - CARRIER TYPE
Source rdacarrier
Carrier type term Volume
Carrier type code nc
650 #0 - SUBJECT ADDED ENTRY--TOPICAL TERM
9 (RLIN) 53
Topical term or geographic name as entry element MICROECONOMICS
942 ## - ADDED ENTRY ELEMENTS (KOHA)
Source of classification or shelving scheme
Koha item type MONOGRAPH
Holdings
Withdrawn status Lost status Source of classification or shelving scheme Damaged status Not for loan Collection code Permanent Location Current Location Shelving location Date acquired Inventory number Total Checkouts Full call number Barcode Date last seen Date checked out Price effective from Koha item type
          Main Library Open Access Collection CBU-MAIN LIBRARY, KITWE. CBU-MAIN LIBRARY, KITWE. General Stacks 03/16/2026 750736 1 HB 172 Col 750736 03/30/2026 03/17/2026 03/16/2026 MONOGRAPH